| 000 | 00328nam a2200121Ia 4500 | ||
|---|---|---|---|
| 008 | 220217s9999||||xx |||||||||||||| ||und|| | ||
| 020 | _a9789332581241 | ||
| 082 | _a621.39 GRO | ||
| 100 |
_aGroover, Mikell P _93370 |
||
| 245 | 0 | _aWork systems | |
| 260 |
_aPearson education of asia _bNew Delhi _c2017 |
||
| 300 |
_a740p. _b829 |
||
| 999 |
_c189383 _d189383 |
||